| 000 | 00423cam a22001217a 4500 | ||
|---|---|---|---|
| 008 | 180718b1984 xxu||||| |||| 00| 0 eng d | ||
| 082 | _aA81x54 In2/81/1/Pap 1/1984 | ||
| 100 | _aCensus of India 1981 | ||
| 245 | _aIndia: population projections for India 1981-2001 | ||
| 260 |
_aDelhi _bRegistrar General & Census Commissioner, India _c1984 |
||
| 300 | _a34p. | ||
| 440 | _aCensus of India 1981. Series-1, India. Paper-1 of 1984 | ||
| 999 |
_c481883 _d481883 |
||